[Event "Commonwealth-ch"]
[Site "London ENG"]
[Date "1985.02.26"]
[Round "11"]
[White "Murshed, Niaz"]
[Black "Spraggett, Kevin"]
[Result "1/2-1/2"]
[WhiteElo "2415"]
[BlackElo "2560"]
[PlyCount "102"]
[EventDate "1985.02.16"]
[EventType "swiss"]
[EventRounds "11"]
[EventCountry "ENG"]
[Source "ChessBase"]
[SourceDate "2006.11.23"]

1. d4 Nf6 2. Nf3 d5 3. c4 e6 4. Nc3 Be7 5. cxd5 exd5 6. Bf4 O-O 7. e3 c5 8.
dxc5 Bxc5 9. Be2 Nc6 10. O-O Be6 11. Rc1 Rc8 12. Qa4 Bb6 13. Rfd1 h6 14. Qa3
Re8 15. Ne5 Nxe5 16. Bxe5 Ng4 17. Bd4 Qh4 18. Bxg4 Bxg4 19. Nxd5 Bxd4 20. Rxc8
Bxc8 21. Qa4 b5 22. Qxd4 Qxd4 23. Rxd4 Be6 24. Kf1 Rb8 25. Ke1 Kf8 26. Kd2 a5
27. e4 b4 28. b3 g5 29. Kd3 Bd7 30. Ne3 Ke7 31. g3 Be6 32. Nd5+ Kf8 33. f4 gxf4
34. gxf4 f5 35. Nc7 fxe4+ 36. Kxe4 Bf7 37. f5 a4 38. Ne6+ Ke7 39. Ke5 Rb5+ 40.
Rd5 Rxd5+ 41. Kxd5 axb3 42. axb3 Kf6 43. Ke4 Bg8 44. Nd4 Bf7 45. h4 Bg8 46. Kf4
Bd5 47. Nc2 Bxb3 48. Nxb4 Bc4 49. Nc6 Bd3 50. Nd4 Bb1 51. Kg4 Ke5 1/2-1/2

[Event "Lugano op"]
[Site "Lugano SUI"]
[Date "1985.??.??"]
[Round "3"]
[White "Spraggett, Kevin"]
[Black "Martinovic, Slobodan"]
[Result "1-0"]
[WhiteElo "2560"]
[BlackElo "2430"]
[PlyCount "67"]
[EventDate "1985.??.??"]
[EventType "swiss"]
[EventRounds "9"]
[EventCountry "SUI"]

1. c4 Nf6 2. Nc3 g6 3. e4 d6 4. d4 Bg7 5. Nf3 O-O 6. Be2 c5 7. O-O Re8 8. Re1
Bg4 9. dxc5 dxc5 10. e5 Nfd7 11. h3 Bf5 12. Bf4 Nc6 13. Bf1 Nb4 14. g4 Be6 15.
Qe2 Qa5 16. a3 Nc6 17. Nd5 Rac8 18. b4 Qd8 19. Rad1 f6 20. exf6 exf6 21. Qxe6+
Rxe6 22. Rxe6 Kf7 23. Ree1 Nde5 24. Bxe5 fxe5 25. Bg2 cxb4 26. axb4 a5 27. b5
Nd4 28. Nxe5+ Bxe5 29. Rxe5 Rxc4 30. Rde1 Kg7 31. Re7+ Kh6 32. f4 g5 33. fxg5+
Kg6 34. h4 1-0

[Event "Montpellier ct"]
[Site "Montpellier FRA"]
[Date "1985.??.??"]
[Round "5"]
[White "Sokolov, Andrei"]
[Black "Spraggett, Kevin"]
[Result "1-0"]
[WhiteElo "2555"]
[BlackElo "2550"]
[PlyCount "69"]
[EventDate "1985.??.??"]
[EventType "tourn"]
[EventRounds "15"]
[EventCountry "FRA"]
[EventCategory "14"]

1. e4 e6 2. d4 d5 3. Nd2 c5 4. exd5 exd5 5. Ngf3 Nc6 6. Bb5 Bd6 7. dxc5 Bxc5 8.
O-O Nge7 9. Nb3 Bd6 10. Re1 O-O 11. Bg5 Bg4 12. Bh4 Re8 13. Bg3 Bxg3 14. hxg3
Qb6 15. Bd3 h6 16. Qd2 Bxf3 17. gxf3 Kf8 18. Bf1 Rad8 19. Rad1 Nf5 20. Rxe8+
Rxe8 21. Qf4 Re5 22. Kg2 Nfe7 23. Qd2 Kg8 24. f4 Re4 25. Bd3 Re6 26. c4 dxc4
27. Bxc4 Rf6 28. Qd7 g6 29. Nd2 Qb4 30. a3 Qxb2 31. Ne4 Rf5 32. Nd6 Rc5 33.
Qe8+ Kh7 34. Nxf7 Rxc4 35. Ng5+ 1-0

[Event "Sherbrooke Festival"]
[Site "Sherbrooke CAN"]
[Date "1984.12.01"]
[Round "4"]
[White "Spraggett, Kevin"]
[Black "Cote, Jacques"]
[Result "1-0"]
[WhiteElo "2557"]
[BlackElo "1799"]
[PlyCount "75"]
[EventDate "1984.11.30"]
[EventType "swiss"]
[EventRounds "4"]
[EventCountry "CAN"]

1. c4 Nf6 2. Nf3 e6 3. Nc3 b6 4. e4 Bb7 5. Bd3 d6 6. Bc2 c5 7. d4 cxd4 8. Nxd4
Be7 9. O-O Nbd7 10. b3 a6 11. Bb2 O-O 12. f4 Re8 13. Qe2 Qc7 14. Kh1 Rad8 15.
Rf3 Ba8 16. Raf1 Bf8 17. Rh3 e5 18. fxe5 dxe5 19. Nf5 Qc6 20. Nd5 b5 21. Bd3 b4
22. Bc1 Re6 23. Qf2 Rb8 24. Qh4 h5 25. Rhf3 Rb7 26. Bg5 g6 27. Nfe3 Nh7 28.
Rxf7 Nc5 29. Rxb7 Qxb7 30. Bc2 a5 31. g4 Nxg5 32. Qxg5 Be7 33. Qh6 h4 34. g5
Qc8 35. Nf6+ Bxf6 36. gxf6 Kf7 37. Qg7+ Ke8 38. f7+ 1-0

[Event "Quebec op"]
[Site "Laval CAN"]
[Date "1984.08.06"]
[Round "2"]
[White "Spraggett, Kevin"]
[Black "Fecteau, Martin"]
[Result "1-0"]
[WhiteElo "2572"]
[BlackElo "1967"]
[PlyCount "51"]
[EventDate "1984.08.05"]
[EventType "swiss"]
[EventRounds "8"]
[EventCountry "CAN"]

1. c4 g6 2. d4 c5 3. Nf3 Bg7 4. e4 cxd4 5. Nxd4 Nc6 6. Be3 d6 7. Nc3 Nf6 8. Be2
O-O 9. O-O Bd7 10. Rc1 Nxd4 11. Bxd4 Bc6 12. f3 e6 13. Qd2 d5 14. cxd5 exd5 15.
e5 Nd7 16. f4 Re8 17. Bf3 f6 18. Bxd5+ Bxd5 19. Nxd5 fxe5 20. Be3 exf4 21. Bxf4
Ne5 22. Bg5 Qd7 23. Rc7 Qb5 24. Bf6 Nd7 25. Bxg7 Kxg7 26. Qc3+ 1-0

[Event "Quebec op"]
[Site "Laval CAN"]
[Date "1984.08.07"]
[Round "3"]
[White "Spraggett, Kevin"]
[Black "Labelle, Jacques"]
[Result "1-0"]
[WhiteElo "2572"]
[BlackElo "2104"]
[PlyCount "42"]
[EventDate "1984.08.05"]
[EventType "swiss"]
[EventRounds "8"]
[EventCountry "CAN"]

1. c4 e5 2. Nc3 Nc6 3. g3 g6 4. Bg2 Bg7 5. Rb1 a5 6. a3 Nf6 7. e3 O-O 8. Nge2
Ne7 9. c5 d5 10. cxd6 Qxd6 11. Qc2 Bf5 12. e4 Bg4 13. f3 Be6 14. f4 Nc6 15. Nb5
Qd7 16. O-O a4 17. Ra1 Bb3 18. Qb1 Ra5 19. fxe5 Ng4 20. Nbc3 Nd4 21. d3 Bc2 1-0

[Event "Quebec op"]
[Site "Laval CAN"]
[Date "1984.08.12"]
[Round "8"]
[White "Spraggett, Kevin"]
[Black "Saltzberg, Mitchell"]
[Result "1-0"]
[WhiteElo "2572"]
[BlackElo "2265"]
[PlyCount "65"]
[EventDate "1984.08.05"]
[EventType "swiss"]
[EventRounds "8"]
[EventCountry "CAN"]

1. c4 e5 2. g3 Nc6 3. Bg2 Nf6 4. Nc3 Bb4 5. Nd5 Bc5 6. e3 d6 7. Ne2 Nxd5 8.
cxd5 Ne7 9. O-O O-O 10. b3 Bg4 11. h3 Bf5 12. d4 exd4 13. Nxd4 Bd7 14. Bb2 Ng6
15. Kh2 Re8 16. Qc2 a5 17. a3 Qg5 18. f4 Qe7 19. e4 Bb6 20. Rae1 f6 21. Qd2 Nf8
22. g4 Ng6 23. Nf5 Qd8 24. Nxg7 Kxg7 25. g5 Rf8 26. gxf6+ Kg8 27. f5 Rxf6 28.
fxg6 Rxg6 29. Qc3 Rxg2+ 30. Kxg2 Qg5+ 31. Kh1 Qe5 32. Rg1+ Bxg1 33. Rxg1+ 1-0

[Event "Toronto int."]
[Site "Toronto CAN"]
[Date "1984.07.23"]
[Round "4"]
[White "Gruenfeld, Yehuda"]
[Black "Spraggett, Kevin"]
[Result "1-0"]
[WhiteElo "2466"]
[BlackElo "2591"]
[PlyCount "69"]
[EventDate "1984.07.21"]
[EventType "swiss"]
[EventRounds "10"]
[EventCountry "CAN"]

1. e4 c5 2. Nf3 e6 3. d4 cxd4 4. Nxd4 Nf6 5. Nc3 d6 6. g4 h6 7. Rg1 Be7 8. Be3
a6 9. Bg2 g5 10. Qe2 Nbd7 11. h4 Rg8 12. hxg5 hxg5 13. O-O-O Qc7 14. Nf3 Nxg4
15. Bxg5 Rxg5 16. Bh3 Rc5 17. Rxg4 Rxc3 18. Rg8+ Bf8 19. bxc3 Nf6 20. Rxf8+
Kxf8 21. Qe3 Qc5 22. Qf4 Ke7 23. e5 dxe5 24. Nxe5 a5 25. Qd2 Bd7 26. Qg5 Qa3+
27. Kb1 Rg8 28. Rxd7+ Ke8 29. Rd8+ Kxd8 30. Qxf6+ Kc8 31. Bxe6+ Kb8 32. Bg4 Ka8
33. Qxf7 Rd8 34. Bf3 Rb8 35. Qc7 1-0

[Event "Toronto int."]
[Site "Toronto CAN"]
[Date "1984.07.24"]
[Round "5"]
[White "Spraggett, Kevin"]
[Black "Boyd, Stephen"]
[Result "1-0"]
[WhiteElo "2597"]
[BlackElo "2244"]
[PlyCount "121"]
[EventDate "1984.07.21"]
[EventType "swiss"]
[EventRounds "10"]
[EventCountry "CAN"]

1. Nf3 g6 2. d4 Bg7 3. c4 d6 4. Nc3 Bg4 5. e3 Nd7 6. h3 Bxf3 7. Qxf3 c6 8. g3
Ngf6 9. Bg2 O-O 10. Qd1 e6 11. O-O d5 12. Qe2 dxc4 13. Rd1 Nb6 14. a4 a5 15. e4
Nfd7 16. Be3 Qe7 17. h4 h5 18. Bg5 Qb4 19. Na2 Qxa4 20. Be7 Rfe8 21. Nc3 Qxa1
22. Rxa1 Rxe7 23. e5 c5 24. Bxb7 Rb8 25. dxc5 Nxc5 26. Bc6 Nd3 27. Rxa5 Rc7 28.
Be4 Nxe5 29. Rb5 Nbd7 30. f4 Ng4 31. Bxg6 fxg6 32. Qxe6+ Kh7 33. f5 Rxb5 34.
Qxg6+ Kg8 35. Nxb5 Nf8 36. Qxh5 Nf6 37. Qe2 Rc5 38. Nc3 Rxf5 39. Qxc4+ Kh8 40.
g4 Ra5 41. g5 N6d7 42. Qf7 Ne5 43. Qh5+ Kg8 44. Qd1 Neg6 45. Qg4 Ne5 46. Qe4
Rc5 47. Kf2 Ne6 48. Nd5 Rc4 49. Qf5 Nd4 50. Ne7+ Kh8 51. Qe4 Rc2+ 52. Kf1 Rc1+
53. Kg2 Ne6 54. h5 Nxg5 55. Qa8+ Kh7 56. Qg8+ Kh6 57. Nf5+ Kxh5 58. Qxg7 Nef3
59. Ng3+ Kh4 60. Qh6+ Kg4 61. Qh5+ 1-0

[Event "Toronto int."]
[Site "Toronto CAN"]
[Date "1984.07.26"]
[Round "7"]
[White "Spraggett, Kevin"]
[Black "Ivanovic, Bozidar"]
[Result "1-0"]
[WhiteElo "2597"]
[BlackElo "2511"]
[PlyCount "93"]
[EventDate "1984.07.21"]
[EventType "swiss"]
[EventRounds "10"]
[EventCountry "CAN"]

1. c4 e6 2. Nf3 d5 3. d4 c5 4. cxd5 exd5 5. g3 Nc6 6. Bg2 Nf6 7. O-O Be7 8.
dxc5 Bxc5 9. Bg5 O-O 10. Nc3 d4 11. Bxf6 Qxf6 12. Nd5 Qd8 13. Nd2 Re8 14. Rc1
Bb6 15. Re1 Be6 16. Nf4 Bxa2 17. b3 Ba5 18. Rc2 Bxb3 19. Nxb3 d3 20. Rxc6 Bxe1
21. Rc1 d2 22. Rb1 a5 23. Nd3 Rb8 24. Ra1 b6 25. Nxe1 dxe1=Q+ 26. Qxe1 Rc8 27.
e3 Re5 28. Nd4 Rec5 29. h4 Qc7 30. Ne2 g6 31. Bf3 Rc2 32. Kg2 Qc5 33. h5 Kg7
34. Ra4 Qe5 35. Nd4 Rc1 36. Qe2 Rb1 37. Rc4 Rc5 38. Qa2 Rxc4 39. Qxc4 Qc5 40.
h6+ Kf6 41. Qa4 Qc1 42. Kh3 Qc8+ 43. g4 Rb4 44. Qa1 Rc4 45. Nc6+ Kg5 46. Qe5+
f5 47. Qe7+ 1-0

[Event "CAN-ch"]
[Site "Ottawa CAN"]
[Date "1984.??.??"]
[Round "2"]
[White "Berry, Jonathan"]
[Black "Spraggett, Kevin"]
[Result "0-1"]
[WhiteElo "2290"]
[BlackElo "2540"]
[PlyCount "72"]
[EventDate "1984.??.??"]
[EventType "tourn"]
[EventRounds "15"]
[EventCountry "CAN"]

1. d4 Nf6 2. Nf3 g6 3. Bf4 Bg7 4. e3 O-O 5. Be2 c5 6. c3 cxd4 7. cxd4 d6 8. h3
Nc6 9. Nc3 Bf5 10. O-O a6 11. Rc1 Qa5 12. a3 Rfc8 13. Bh2 b5 14. d5 Na7 15. Nd4
Bd7 16. Qb3 Rab8 17. Qb4 Qb6 18. Nb3 Rb7 19. Kh1 Rbc7 20. Rfd1 Be8 21. Bg1 Qb7
22. Na5 Qb8 23. Bf3 Nd7 24. Na2 Nb6 25. b3 Rc2 26. Rxc2 Rxc2 27. Rd2 Qc7 28.
Be4 Rc5 29. f4 Nd7 30. Bb1 Nf6 31. e4 Nh5 32. Rd1 Nxf4 33. Bxc5 dxc5 34. Rc1
Ne2 35. Rxc5 Qf4 36. Qe1 Be5 0-1

[Event "CAN-ch"]
[Site "Ottawa CAN"]
[Date "1984.??.??"]
[Round "5"]
[White "Pelts, Roman"]
[Black "Spraggett, Kevin"]
[Result "1/2-1/2"]
[WhiteElo "2435"]
[BlackElo "2540"]
[PlyCount "38"]
[EventDate "1984.??.??"]
[EventType "tourn"]
[EventRounds "15"]
[EventCountry "CAN"]

1. c4 Nf6 2. Nc3 g6 3. e4 d6 4. d4 Bg7 5. f3 O-O 6. Be3 e5 7. Nge2 c6 8. d5
cxd5 9. cxd5 a6 10. Qd2 Nbd7 11. O-O-O b5 12. Kb1 Nb6 13. Nc1 b4 14. Bxb6 Qxb6
15. Na4 Qb7 16. b3 Bd7 17. Nb2 Rfc8 18. Bc4 a5 19. Ncd3 Rc7 1/2-1/2

[Event "CAN-ch"]
[Site "Ottawa CAN"]
[Date "1984.??.??"]
[Round "7"]
[White "Baragar, Fletcher"]
[Black "Spraggett, Kevin"]
[Result "1-0"]
[WhiteElo "2280"]
[BlackElo "2540"]
[PlyCount "65"]
[EventDate "1984.??.??"]
[EventType "tourn"]
[EventRounds "15"]
[EventCountry "CAN"]

1. d4 Nf6 2. c4 e6 3. Nc3 Bb4 4. e3 b6 5. Nge2 Ba6 6. a3 Bxc3+ 7. Nxc3 d5 8. b3
O-O 9. a4 Qd7 10. Be2 dxc4 11. bxc4 Nc6 12. O-O Na5 13. Nb5 c6 14. Na3 c5 15.
Bb2 Rfd8 16. Qc2 cxd4 17. exd4 Rac8 18. Rfe1 Nd5 19. Rac1 Nb4 20. Qd1 Bb7 21.
Rc3 Nac6 22. Rb3 a5 23. Nb5 Ne7 24. Bf1 Nf5 25. Rh3 Re8 26. Qh5 h6 27. Qg4 Qe7
28. d5 Qg5 29. Qxg5 hxg5 30. g4 Nh4 31. Nd6 Ba8 32. Nxe8 Rxe8 33. f4 1-0

[Event "CAN-ch"]
[Site "Ottawa CAN"]
[Date "1984.??.??"]
[Round "9"]
[White "Kopec, Danny"]
[Black "Spraggett, Kevin"]
[Result "0-1"]
[WhiteElo "2390"]
[BlackElo "2540"]
[PlyCount "90"]
[EventDate "1984.??.??"]
[EventType "tourn"]
[EventRounds "15"]
[EventCountry "CAN"]

1. d4 Nf6 2. Nf3 g6 3. g3 Bg7 4. Bg2 O-O 5. O-O d6 6. c4 Nc6 7. Nc3 a6 8. b3
Rb8 9. Bb2 b5 10. cxb5 axb5 11. Rc1 Bd7 12. d5 Na5 13. Nd4 b4 14. Nb1 e5 15.
Nc2 Rb5 16. e4 c6 17. dxc6 Bxc6 18. Nxb4 Rxb4 19. Bc3 Rd4 20. Bxd4 exd4 21. b4
Bb5 22. bxa5 Bxf1 23. Qxf1 Qxa5 24. Qc4 Ng4 25. h3 Ne5 26. Qb3 Qa7 27. Qd5 Qb6
28. Bf1 Qb2 29. Rd1 Qc2 30. Qb3 Qxe4 31. Nd2 Qa8 32. Bg2 Qa7 33. f4 Rb8 34. Qd5
Nd3 35. Qxd6 Bf8 36. Qd5 Nb4 37. Qe5 Bg7 38. Qd6 Nc2 39. Be4 Bf8 40. Qe5 Bg7
41. Qd6 Bf8 42. Qe5 Rd8 43. Kh1 Qxa2 44. Nf3 Ne3 45. Rd2 Qa1+ 0-1

[Event "CAN-ch"]
[Site "Ottawa CAN"]
[Date "1984.??.??"]
[Round "11"]
[White "Hawkes, Rob"]
[Black "Spraggett, Kevin"]
[Result "1/2-1/2"]
[WhiteElo "2365"]
[BlackElo "2540"]
[PlyCount "46"]
[EventDate "1984.??.??"]
[EventType "tourn"]
[EventRounds "15"]
[EventCountry "CAN"]

1. e4 c5 2. Nc3 Nc6 3. g3 g6 4. Bg2 Bg7 5. d3 d6 6. Be3 Nh6 7. f3 f5 8. h4 Nf7
9. Qd2 b5 10. h5 b4 11. Nd1 Bb7 12. Ne2 Nce5 13. hxg6 hxg6 14. Rxh8+ Bxh8 15.
Nf2 Qd7 16. f4 Nc6 17. d4 cxd4 18. Nxd4 Nxd4 19. Bxd4 Bxd4 20. Qxd4 Rc8 21. Kd2
Qa4 22. Rc1 e5 23. Qd3 Qa5 1/2-1/2

[Event "CAN-ch"]
[Site "Ottawa CAN"]
[Date "1984.??.??"]
[Round "12"]
[White "Spraggett, Kevin"]
[Black "Horton, Joe"]
[Result "1/2-1/2"]
[WhiteElo "2540"]
[BlackElo "2200"]
[PlyCount "43"]
[EventDate "1984.??.??"]
[EventType "tourn"]
[EventRounds "15"]
[EventCountry "CAN"]

1. c4 g6 2. Nf3 Bg7 3. d4 d6 4. Nc3 Nc6 5. d5 Ne5 6. Nxe5 Bxe5 7. e4 Bg7 8. Be2
Nf6 9. O-O O-O 10. Be3 e6 11. Qd2 Re8 12. f3 Nd7 13. Rfe1 a6 14. Rac1 b6 15.
Bf1 a5 16. Bg5 Bf6 17. Bxf6 Qxf6 18. f4 e5 19. g3 Nc5 20. Bg2 Bd7 21. Re2 Qg7
22. Rce1 1/2-1/2

[Event "CAN-ch"]
[Site "Ottawa CAN"]
[Date "1984.??.??"]
[Round "13"]
[White "Reeve, Jeff"]
[Black "Spraggett, Kevin"]
[Result "0-1"]
[WhiteElo "2200"]
[BlackElo "2540"]
[PlyCount "50"]
[EventDate "1984.??.??"]
[EventType "tourn"]
[EventRounds "15"]
[EventCountry "CAN"]

1. e4 c5 2. Nf3 e6 3. d4 cxd4 4. Nxd4 Nf6 5. Nc3 d6 6. Be3 a6 7. f4 Nbd7 8. Bd3
g6 9. O-O Bg7 10. Kh1 O-O 11. Qe1 e5 12. fxe5 dxe5 13. Nf3 b5 14. Bg5 Bb7 15.
Qh4 Qc7 16. Bh6 Rae8 17. Ng5 Nh5 18. Bxg7 Kxg7 19. Nd5 Bxd5 20. exd5 Ndf6 21.
Rf2 e4 22. g4 Nf4 23. Raf1 h6 24. Rxf4 hxg5 25. Qxg5 Nh7 0-1

[Event "CAN-ch"]
[Site "Ottawa CAN"]
[Date "1984.??.??"]
[Round "14"]
[White "Spraggett, Kevin"]
[Black "Day, Lawrence"]
[Result "1-0"]
[WhiteElo "2540"]
[BlackElo "2435"]
[PlyCount "23"]
[EventDate "1984.??.??"]
[EventType "tourn"]
[EventRounds "15"]
[EventCountry "CAN"]

1. Nf3 b6 2. c4 Bb7 3. b3 f6 4. Nc3 e5 5. e3 Bb4 6. Bb2 Ne7 7. Qc2 Nbc6 8. Ne4
d5 9. cxd5 Qxd5 10. a3 Bd6 11. Bc4 Nd4 12. Nxd6+ 1-0

[Event "New York op"]
[Site "New York USA"]
[Date "1984.??.??"]
[Round "4"]
[White "Zuckerman, Bernard"]
[Black "Spraggett, Kevin"]
[Result "1-0"]
[WhiteElo "2490"]
[BlackElo "2540"]
[PlyCount "151"]
[EventDate "1984.??.??"]
[EventType "swiss"]
[EventRounds "9"]
[EventCountry "USA"]

1. e4 c5 2. Nf3 e6 3. c3 d5 4. exd5 Qxd5 5. d4 Nf6 6. Be2 Be7 7. O-O Nc6 8.
dxc5 Qxd1 9. Rxd1 Bxc5 10. Nbd2 O-O 11. Nc4 Bd7 12. Nfe5 Rfd8 13. Nxd7 Rxd7 14.
Rxd7 Nxd7 15. Bf4 Nb6 16. Nxb6 Bxb6 17. Rd1 e5 18. Bc1 Rd8 19. Rxd8+ Nxd8 20.
Kf1 Kf8 21. Bd3 g6 22. f4 exf4 23. Bxf4 Ke7 24. Be4 Bc5 25. h3 Bd6 26. Bg5+ f6
27. Be3 a6 28. Bd5 Nc6 29. Ke2 h5 30. b4 Be5 31. Kd3 h4 32. a4 Kd6 33. Be4 f5
34. Bf3 Bg3 35. Kc2 Kc7 36. b5 axb5 37. axb5 Ne5 38. b6+ Kb8 39. Bd5 Nd7 40. c4
Bd6 41. Bg5 Nxb6 42. Bf7 Bg3 43. Kc3 Nc8 44. Bxg6 Nd6 45. Be7 b6 46. Kd4 Kc7
47. Kd5 Kd7 48. Bf6 Kc7 49. Bd4 Kb7 50. Bh5 Kc7 51. Be2 Kb7 52. Bd3 Kc7 53. Bc2
b5 54. c5 Ne4 55. Bd3 b4 56. Kc4 Be1 57. Bc2 Nd2+ 58. Kb5 Ne4 59. Be5+ Kd8 60.
c6 Ke7 61. c7 Kd7 62. Bb3 Bg3 63. Be6+ Kxe6 64. c8=Q+ Kxe5 65. Kxb4 Nd6 66.
Qc3+ Ke6 67. Qd3 Ke5 68. Kc5 Ne4+ 69. Kc6 Kf4 70. Kd5 Kg5 71. Qe3+ Kg6 72. Qb6+
Nd6 73. Ke6 Ne4 74. Qc6 Kg5 75. Qd5 Nd6 76. Qd4 1-0

[Event "New York op"]
[Site "New York USA"]
[Date "1984.??.??"]
[Round "5"]
[White "Spraggett, Kevin"]
[Black "Kogan, Boris"]
[Result "0-1"]
[WhiteElo "2540"]
[BlackElo "2450"]
[PlyCount "88"]
[EventDate "1984.??.??"]
[EventType "swiss"]
[EventRounds "9"]
[EventCountry "USA"]

1. c4 e5 2. g3 g6 3. Bg2 Bg7 4. Nc3 Ne7 5. e4 Nbc6 6. Nge2 d6 7. d3 O-O 8. O-O
f5 9. exf5 Nxf5 10. Rb1 Nfd4 11. Nxd4 Nxd4 12. b4 a6 13. Be3 Rb8 14. a4 Be6 15.
h3 h6 16. Kh2 g5 17. b5 a5 18. b6 c6 19. Ne4 Qd7 20. Bc1 Rf7 21. Ba3 Bf8 22.
Qh5 Bf5 23. f4 exf4 24. gxf4 d5 25. Bxf8 Rbxf8 26. cxd5 cxd5 27. Nc3 Bxd3 28.
Qxh6 Bxb1 29. Rxb1 Nf5 30. Qxg5+ Kh8 31. Nxd5 Qxa4 32. Rc1 Qd4 33. Rc7 a4 34.
Qh5+ Kg8 35. Qg6+ Rg7 36. Qe6+ Kh7 37. Qe2 a3 38. Qh5+ Kg8 39. Rxg7+ Qxg7 40.
Qe2 Qb2 41. Qg4+ Kh7 42. Qh5+ Nh6 43. Ne7 Rf6 44. Nd5 Rg6 0-1

[Event "New York op"]
[Site "New York USA"]
[Date "1984.??.??"]
[Round "8"]
[White "Haik, Aldo"]
[Black "Spraggett, Kevin"]
[Result "1-0"]
[WhiteElo "2405"]
[BlackElo "2540"]
[PlyCount "67"]
[EventDate "1984.??.??"]
[EventType "swiss"]
[EventRounds "9"]
[EventCountry "USA"]

1. d4 d5 2. c4 e6 3. Nc3 c5 4. cxd5 exd5 5. Nf3 Nc6 6. g3 Nf6 7. Bg2 Be7 8. O-O
O-O 9. Bg5 cxd4 10. Nxd4 h6 11. Be3 Re8 12. Nxc6 bxc6 13. Qa4 Bd7 14. Qc2 Bg4
15. Rfd1 Bb4 16. Bd4 Nh7 17. Bxg7 Qg5 18. Bd4 Bxc3 19. Qxc3 Bxe2 20. Re1 Qg6
21. Rac1 Re6 22. h4 Rae8 23. Be3 Bb5 24. Bxa7 Nf6 25. Rxe6 Rxe6 26. Re1 Ne4 27.
Qa5 Qf6 28. Qb4 Qf5 29. a4 Bd3 30. Qb8+ Kh7 31. Bd4 c5 32. Qh8+ Kg6 33. Be3 Kh5
34. Bf4 1-0

[Event "Pere Noel"]
[Site "Montreal CAN"]
[Date "1983.12.29"]
[Round "4"]
[White "Levtchouk, George"]
[Black "Spraggett, Kevin"]
[Result "1/2-1/2"]
[WhiteElo "2237"]
[BlackElo "2576"]
[PlyCount "76"]
[EventDate "1983.12.26"]
[EventType "swiss"]
[EventRounds "8"]
[EventCountry "CAN"]

1. d4 Nf6 2. c4 g6 3. Nc3 Bg7 4. e4 d6 5. f3 O-O 6. Bg5 c5 7. d5 e6 8. Qd2 exd5
9. cxd5 h6 10. Be3 b6 11. a4 Na6 12. Nh3 Nb4 13. Nf2 Bb7 14. Be2 a6 15. O-O Kh7
16. Kh1 Re8 17. Rad1 Qe7 18. Bc4 Nd7 19. Rfe1 Qf8 20. Bf4 Ne5 21. Bf1 Rad8 22.
Bg3 g5 23. Be2 Bc8 24. Rf1 Qe7 25. Rde1 Rg8 26. Ncd1 h5 27. f4 h4 28. fxe5 hxg3
29. exd6 Rxd6 30. Ng4 Bxg4 31. Bxg4 Rh6 32. h3 Be5 33. Ne3 Bf4 34. Rxf4 gxf4
35. Nf5 Qe5 36. Nxh6 Kxh6 37. Bf3 Rd8 38. Rd1 Rd6 1/2-1/2

[Event "Pere Noel"]
[Site "Montreal CAN"]
[Date "1983.12.30"]
[Round "5"]
[White "Spraggett, Kevin"]
[Black "Vallieres, Mario"]
[Result "1-0"]
[WhiteElo "2576"]
[BlackElo "1935"]
[PlyCount "45"]
[EventDate "1983.12.26"]
[EventType "swiss"]
[EventRounds "8"]
[EventCountry "CAN"]

1. c4 f5 2. g3 Nf6 3. Bg2 e6 4. Nf3 Be7 5. O-O O-O 6. d4 d6 7. Nc3 Qe8 8. b4 e5
9. dxe5 dxe5 10. Nxe5 Bxb4 11. Qb3 Qxe5 12. Qxb4 Nc6 13. Qb2 Bd7 14. Bf4 Qc5
15. Nd5 Na5 16. Be3 Qxc4 17. Rfc1 Qa4 18. Bd4 c6 19. Bxf6 gxf6 20. Nxf6+ Rxf6
21. Qxf6 Rf8 22. Qg5+ Kh8 23. Qe7 1-0

[Event "Belleville Fall op"]
[Site "Belleville CAN"]
[Date "1983.11.05"]
[Round "3"]
[White "Spraggett, Kevin"]
[Black "Stone, Raymond"]
[Result "1-0"]
[WhiteElo "2593"]
[BlackElo "2331"]
[PlyCount "53"]
[EventDate "1983.11.04"]
[EventType "swiss"]
[EventRounds "5"]
[EventCountry "CAN"]

1. c4 Nf6 2. Nf3 c5 3. Nc3 e6 4. d4 cxd4 5. Nxd4 Bb4 6. g3 Ne4 7. Qd3 Qa5 8.
Nb3 Nxc3 9. Bd2 Ne4 10. Qxe4 Bxd2+ 11. Nxd2 O-O 12. Bg2 Nc6 13. Qe3 d5 14. O-O
d4 15. Qd3 Rd8 16. a3 Qh5 17. Rac1 e5 18. c5 f5 19. Nc4 e4 20. Qd1 Be6 21. Nd6
a5 22. f3 Qh6 23. fxe4 Qe3+ 24. Kh1 fxe4 25. Rf4 Bb3 26. Qe1 Re8 27. Nf5 1-0

[Event "Cafe Campus"]
[Site "Montreal CAN"]
[Date "1983.09.17"]
[Round "3"]
[White "Spraggett, Kevin"]
[Black "Levtchouk, George"]
[Result "1-0"]
[WhiteElo "2572"]
[BlackElo "2282"]
[PlyCount "61"]
[EventDate "1983.09.16"]
[EventType "swiss"]
[EventRounds "5"]
[EventCountry "CAN"]

1. c4 g6 2. e4 Bg7 3. d4 d6 4. Nc3 Nf6 5. Nf3 O-O 6. Be2 e5 7. Be3 Qe7 8. dxe5
dxe5 9. Nd5 Nxd5 10. cxd5 Rd8 11. Qb3 c6 12. O-O Bg4 13. d6 Qd7 14. Rfd1 Be6
15. Qa4 f6 16. Qa5 Rc8 17. b4 Qf7 18. Rac1 Nd7 19. Rc2 Bf8 20. h3 Rd8 21. Nh2
Nb6 22. b5 Nc4 23. Bxc4 Bxc4 24. bxc6 bxc6 25. Ng4 Bg7 26. Rdc1 Bd3 27. Rxc6
Bxe4 28. Rc7 Qe6 29. Re7 Qxd6 30. Rcc7 Bf8 31. Rf7 1-0

[Event "Quebec op"]
[Site "Montreal CAN"]
[Date "1983.07.26"]
[Round "3"]
[White "Sasseville, Jean"]
[Black "Spraggett, Kevin"]
[Result "0-1"]
[WhiteElo "2036"]
[BlackElo "2586"]
[PlyCount "130"]
[EventDate "1983.07.24"]
[EventType "swiss"]
[EventRounds "8"]
[EventCountry "CAN"]

1. c4 e5 2. Nc3 Nf6 3. g3 d5 4. cxd5 Nxd5 5. Bg2 Nb6 6. Nf3 Nc6 7. O-O Be7 8.
d3 O-O 9. a3 a5 10. Be3 Re8 11. Rc1 Bg4 12. Re1 Qd7 13. Na4 Nd5 14. Nc5 Bxc5
15. Rxc5 Nxe3 16. fxe3 Qd6 17. Qc2 Qh6 18. Qd2 Rad8 19. Rf1 Re7 20. Rc4 e4 21.
Nh4 Nd4 22. Rxd4 Rxd4 23. Rf4 Rd5 24. Bxe4 Rg5 25. Rxg4 Rxg4 26. Nf5 Qf6 27.
Nxe7+ Qxe7 28. Qxa5 g6 29. Qa8+ Kg7 30. Qxb7 h5 31. Bf3 Rg5 32. Qe4 Re5 33. Qd4
c5 34. Qc3 Kh7 35. d4 Rxe3 36. Qxc5 Qf6 37. Qc4 h4 38. gxh4 Qf4 39. b3 Kg7 40.
d5 Qxc4 41. bxc4 Rc3 42. d6 Rxc4 43. Bd5 Rd4 44. e4 Kf8 45. Kf2 Rd3 46. a4 f6
47. h5 gxh5 48. Ke2 Rd4 49. Ke3 Rxa4 50. Kf4 Ra6 51. e5 Ra5 52. Ke4 fxe5 53.
Kxe5 Ke8 54. Ke6 Ra3 55. Kf6 Rh3 56. Bf7+ Kd8 57. Kg5 h4 58. Be6 Rxh2 59. Kg4
Rh1 60. Bd5 Rd1 61. Bf3 Rd4+ 62. Kh3 Rd3 63. Kg2 h3+ 64. Kf2 h2 65. Bh1 Rh3 0-1

[Event "CAN-op"]
[Site "Toronto CAN"]
[Date "1983.07.09"]
[Round "1"]
[White "Boileau, Doug"]
[Black "Spraggett, Kevin"]
[Result "0-1"]
[WhiteElo "2149"]
[BlackElo "2584"]
[PlyCount "58"]
[EventDate "1983.07.09"]
[EventType "swiss"]
[EventRounds "10"]
[EventCountry "CAN"]

1. e4 c5 2. Nf3 e6 3. d4 cxd4 4. Nxd4 Nf6 5. Nc3 d6 6. Bb5+ Nbd7 7. Nb3 Be7 8.
O-O O-O 9. Be3 a6 10. Bd3 b5 11. a4 b4 12. Ne2 Bb7 13. Ng3 a5 14. f3 d5 15.
exd5 Nxd5 16. Bd4 Bd6 17. Ne4 Bc7 18. Qe1 Nf4 19. Bb5 f5 20. Nec5 Nxc5 21. Bxc5
Qg5 22. g3 Rf6 23. Rd1 Rh6 24. Rd7 Nh3+ 25. Kh1 Qh5 26. Qe2 Bxg3 27. Rxb7 Nf4
28. Rxg7+ Kxg7 29. Qe5+ Kg8 0-1